| 000 | 01344cai a22002775a 4500 | ||
|---|---|---|---|
| 001 | L158910 | ||
| 008 | 150923u xxk g 000 0 eng d | ||
| 035 | _a(Sirsi) u158910 | ||
| 041 | 0 | _aeng | |
| 110 | 2 |
_aBritish Institute of Facilities Management _9378 |
|
| 240 | _aBIFM | ||
| 245 | 0 | 0 |
_aInstitute of Facilities and Workplace Management _h[electronic resource] |
| 247 | _aBritish Institute of Facilities Management | ||
| 520 | _aFounded in 1993, the British Institute of Facilities Management (BIFM) is the professional body for facilities management (FM) in the UK and has both individual and corporate members. Promotes and embeds professional standards in facilities management. Provides a suite of membership, qualifications, training and networking services designed to support FM practioners. BIFM members voted for change of name to Institute of Workplace and Facilities Management at AGM July 2018 effective from 12 November 2018. | ||
| 590 | _aKA | ||
| 650 | 2 | 4 | _aFM |
| 650 | 2 | 4 | _aPROFESSIONAL STANDARDS |
| 650 | 2 | 4 | _aNETWORKING |
| 650 | 2 | 4 | _aCAREERS, EDUCATION AND TRAINING |
| 650 | 2 | 4 | _aINSTIUTE OF WORKPLACE AND FACILITIES MANAGEMENT |
| 650 | 2 | 4 | _aREGULATION |
| 651 | 4 |
_aUnited Kingdom _y1973 |
|
| 690 |
_aFacilities management _96240 |
||
| 856 | 4 | 0 |
_uhttps://www.iwfm.org.uk/ _zView the website |
| 942 |
_n0 _2ddc |
||
| 999 |
_c121040 _d121040 |
||